000 00457nam a2200157 i 4500
001 104209
003 ES-MaACL
005 20230906183537.0
007 t|
008 051125s1945 fr ||||1| fre d
100 1 _aMilhaud, Edgard.
_981109
245 1 3 _aLa France avait raison, sécurité collective /
_cEdgard Milhaud.
260 _aNeuchâtel (Suisse) :
_bLa Baconnière,
_c1945.
300 _a351 p. ;
_c22 cm.
852 _aES-MaACL
_jC-4068
_bR.22570
999 _c104209
_d104209